000 00289nam a22001337a 4500
003 SGT
082 _a635.9
_bHIB
100 _aHIBBERD, SHIRLEY
245 _aTHE AMATEURS ROSE BOOK
260 _aLONDON
_bGROOMBRIGEG
_c1874
300 _a258
650 _aFLORICULTURE
942 _2ddc
_cBK
999 _c29042
_d29042